Construcción de la infraestructura para el progreso: organizaciones privadas para el desarrollo en la República Dominicana /
সংরক্ষণ করুন:
| প্রধান লেখক: | |
|---|---|
| বিন্যাস: | পাঠ্য |
| বিষয়গুলি: | |
| ট্যাগগুলো: |
ট্যাগ যুক্ত করুন
কোনো ট্যাগ নেই, প্রথমজন হিসাবে ট্যাগ করুন!
|
MARC
| LEADER | 00000 a a2200000 04500 | ||
|---|---|---|---|
| 001 | 41585 | ||
| 003 | |||
| 040 | |||
| 100 | |a Vetter, Stephen | ||
| 245 | |a Construcción de la infraestructura para el progreso: |b organizaciones privadas para el desarrollo en la República Dominicana / |c Stephen Vetter | ||
| 650 | |a ORGANIZACIONES NO GUBERNAMENTALES | ||
| 650 | |a DONACIONES | ||
| 650 | |a PEQUEÑOS AGRICULTORES | ||
| 650 | |a PEQUEÑAS EMPRESAS | ||
| 650 | |a COOPERATIVAS | ||
| 650 | |a VIVIENDA | ||
| 650 | |a CREDITO | ||
| 650 | |a REPUBLICA DOMINICANA | ||
| 773 | |g volumen10, número1 ( , 1986), 1-9 | ||
| 999 | |c 30908 |d 30908 | ||
